[Event "Chessable Masters Prelim"]
[Site "chess24.com INT"]
[Date "2021.08.01"]
[Round "7.1"]
[White "Le, Quang Liem"]
[Black "Mishra, Abhimanyu"]
[Result "1-0"]
[WhiteTitle "GM"]
[BlackTitle "IM"]
[WhiteElo "2709"]
[BlackElo "2504"]
[WhiteFideId "12401137"]
[BlackFideId "30920019"]
[EventDate "2021.07.31"]

1. c4 c6 2. d4 d5 3. Nc3 Nf6 4. cxd5 cxd5 5. Bf4 Nc6 6. e3 a6 7. Rc1 Bf5 8. Nf3
Rc8 9. Be2 e6 10. O-O Bd6 11. Bxd6 Qxd6 12. Na4 O-O 13. Nc5 Rc7 14. Qb3 Qe7 15.
Rc3 Bg4 16. Rfc1 Ne4 17. R3c2 Nxc5 18. Rxc5 f5 19. h3 Bh5 20. Qd1 Rfc8 21. Ne1
Bxe2 22. Qxe2 Nb8 23. Nd3 b6 24. Rxc7 Rxc7 25. Rxc7 Qxc7 26. Nf4 Qd6 27. g4 g5
28. Nh5 Kf7 29. Qf3 Nd7 30. gxf5 e5 31. Qg3 h6 32. h4 Qe7 33. Qg2 e4 34. hxg5
Qxg5 35. Qxg5 hxg5 36. Kg2 Nf6 37. Ng3 Ne8 38. f3 Nd6 39. fxe4 dxe4 40. Kh3 Nc4
41. Kg4 Nxe3+ 42. Kxg5 Nc2 43. Nxe4 Nxd4 44. Nd6+ Kf8 45. f6 a5 46. Kg6 b5 47.
Nb7 Nc6 48. Nc5 Nd8 49. b3 b4 50. Nd7+ Ke8 51. Ne5 Ne6 52. f7+ Ke7 53. Nc6+ Kf8
54. Kf6 Nf4 55. Nxa5 Nd5+ 56. Ke6 Nc7+ 57. Kd7 Nd5 58. Nc6 Kxf7 59. Kd6 Nc3 60.
Nxb4 Ke8 61. a4 Kd8 62. Nd5 Ne2 63. Ne7 Nc1 64. a5 Nxb3 65. a6 Nd4 66. Nc6+ Kc8
67. Nxd4 Kb8 68. Kc6 Ka7 69. Kb5 Ka8 70. Kb6 Kb8 71. Nb5 Ka8 72. Nc7+ Kb8 73.
a7+ 1-0

[Event "Chessable Masters Prelim"]
[Site "chess24.com INT"]
[Date "2021.08.01"]
[Round "7.2"]
[White "Mamedyarov, Shakhriyar"]
[Black "Koneru, Humpy"]
[Result "1-0"]
[WhiteTitle "GM"]
[BlackTitle "GM"]
[WhiteElo "2782"]
[BlackElo "2586"]
[WhiteFideId "13401319"]
[BlackFideId "5008123"]
[EventDate "2021.07.31"]

1. e4 e5 2. Nc3 Nf6 3. d4 exd4 4. Qxd4 Nc6 5. Qd3 Bb4 6. Bd2 O-O 7. O-O-O Re8 8.
Nge2 d6 9. Bg5 h6 10. Bxf6 Qxf6 11. Nd5 Qd8 12. Nxb4 Nxb4 13. Qd2 a5 14. a3 Na6
15. Nc3 Nc5 16. f3 Bd7 17. h4 Qb8 18. g4 b5 19. g5 b4 20. Nd5 bxa3 21. bxa3 c6
22. Nc3 Qb6 23. gxh6 Rab8 24. Bb5 g6 25. h5 Kh7 26. Qf4 1-0

[Event "Chessable Masters Prelim"]
[Site "chess24.com INT"]
[Date "2021.08.01"]
[Round "7.4"]
[White "Van Foreest, Jorden"]
[Black "Anton Guijarro, David"]
[Result "1-0"]
[WhiteTitle "GM"]
[BlackTitle "GM"]
[WhiteElo "2688"]
[BlackElo "2673"]
[WhiteFideId "1039784"]
[BlackFideId "2285525"]
[EventDate "2021.07.31"]

1. e4 c5 2. Nf3 Nc6 3. d4 cxd4 4. Nxd4 e5 5. Nb5 d6 6. N1c3 a6 7. Na3 Be6 8. Nc4
Rb8 9. Bd3 g6 10. O-O Bg7 11. a4 Nge7 12. Bg5 O-O 13. Ne3 f6 14. Bh4 Rc8 15. Bc4
Bxc4 16. Nxc4 Nd4 17. Ne3 Bh6 18. Qd3 Kg7 19. Kh1 Bxe3 20. fxe3 Ne6 21. Rad1 Rc6
22. b4 g5 23. Be1 Nc7 24. b5 Rc5 25. Ne2 Ne8 26. Bb4 Rc8 27. bxa6 bxa6 28. Qxa6
Rxc2 29. Bxd6 Nxd6 30. Rxd6 Qc8 31. Ng3 Qxa6 32. Rxa6 Kg6 33. Ra7 Rf7 34. Nf5
Nxf5 35. exf5+ Kg7 36. Rxf7+ Kxf7 37. Ra1 Rc6 38. a5 Ra6 39. h4 g4 40. Kg1 h5
41. Kf2 Ke7 42. Ke2 Kd6 43. Kd3 Kd5 44. Ra4 Kc5 45. Kc3 Kb5 46. Kb3 g3 47. e4
Kc5 48. Rc4+ Kb5 49. Rb4+ Kc5 50. Ka4 Rd6 51. Rb5+ Kc4 52. Rd5 Ra6 53. Rd8 Rc6
54. Rd1 Ra6 55. Rc1+ Kd3 56. Kb5 Ra8 57. Re1 Kd2 58. Ra1 Ke3 59. Ra4 Kf2 60.
Ra2+ Ke3 61. Kb6 Kxe4 62. Kb7 Re8 63. a6 Kxf5 64. a7 e4 65. a8=Q Rxa8 66. Rxa8
Kg4 67. Kc6 e3 68. Kd5 Kxh4 69. Ke4 e2 70. Ra1 Kg4 71. Ke3 f5 72. Kxe2 h4 73.
Ra8 1-0

[Event "Chessable Masters Prelim"]
[Site "chess24.com INT"]
[Date "2021.08.01"]
[Round "7.5"]
[White "Firouzja, Alireza"]
[Black "Harikrishna, Pentala"]
[Result "0-1"]
[WhiteTitle "GM"]
[BlackTitle "GM"]
[WhiteElo "2759"]
[BlackElo "2730"]
[WhiteFideId "12573981"]
[BlackFideId "5007003"]
[EventDate "2021.07.31"]

1. e4 c6 2. d4 d5 3. e5 Bf5 4. Nf3 e6 5. Be2 c5 6. c3 Nc6 7. O-O cxd4 8. cxd4
Bg4 9. Nbd2 Nge7 10. h3 Bh5 11. a3 Qb6 12. b4 Nxd4 13. Nxd4 Qxd4 14. Qa4+ Nc6
15. Nb3 Qxe5 16. Bxh5 Bd6 17. f4 Qxh5 18. Na5 Ke7 19. Nxb7 Rhc8 20. b5 Nd8 21.
Nxd6 Kxd6 22. Qb4+ Kd7 23. a4 Qh4 24. Ba3 Nb7 25. Rad1 Rc2 26. Qb3 Rac8 27. Bb4
R8c4 28. f5 Qg5 29. fxe6+ fxe6 30. Rf7+ Kc8 31. Rf8+ Nd8 32. g3 R4c3 33. Rxd8+
Kxd8 34. Ba5+ Ke8 0-1

[Event "Chessable Masters Prelim"]
[Site "chess24.com INT"]
[Date "2021.08.01"]
[Round "7.6"]
[White "So, Wesley"]
[Black "Artemiev, Vladislav"]
[Result "1-0"]
[WhiteTitle "GM"]
[BlackTitle "GM"]
[WhiteElo "2772"]
[BlackElo "2704"]
[WhiteFideId "5202213"]
[BlackFideId "24101605"]
[EventDate "2021.07.31"]

1. e4 Nf6 2. e5 Nd5 3. d4 d6 4. Nf3 dxe5 5. Nxe5 c6 6. Be2 Bf5 7. O-O Nd7 8. Nf3
e6 9. c4 N5f6 10. Nh4 Bg6 11. Nc3 Bd6 12. f4 O-O 13. Bf3 Bb4 14. Nxg6 hxg6 15.
Ne2 Bd6 16. g4 c5 17. g5 Nh5 18. d5 exd5 19. Qxd5 Nb6 20. Qd3 Qc7 21. Bxh5 gxh5
22. b3 Rfe8 23. Bb2 h4 24. Qf3 Qe7 25. Nc3 Rad8 26. Rad1 Qe6 27. f5 Qe5 28. Rd2
Bc7 29. Rdf2 Qe3 30. Qh5 Bg3 31. Nd1 Bxf2+ 32. Nxf2 Qe2 33. Qxh4 Qxb2 34. g6 Rd2
35. Qh7+ Kf8 36. gxf7 Kxf7 37. f6 Rxf2 38. Rxf2 Ke6 39. Rxb2 1-0

[Event "Chessable Masters Prelim"]
[Site "chess24.com INT"]
[Date "2021.08.01"]
[Round "7.7"]
[White "Aronian, Levon"]
[Black "Ju, Wenjun"]
[Result "1-0"]
[WhiteTitle "GM"]
[BlackTitle "GM"]
[WhiteElo "2782"]
[BlackElo "2560"]
[WhiteFideId "13300474"]
[BlackFideId "8603006"]
[EventDate "2021.07.31"]

1. d4 Nf6 2. Nf3 d5 3. Bf4 c5 4. e3 Nc6 5. Nbd2 cxd4 6. exd4 Bf5 7. Bb5 e6 8.
Ne5 Qb6 9. c4 dxc4 10. a4 Bb4 11. O-O O-O 12. Ndxc4 Qxd4 13. Nxc6 Qxf4 14. Nxb4
a6 15. Qd6 Qxd6 16. Nxd6 axb5 17. axb5 Rab8 18. Ra7 Rfd8 19. Rxb7 Rxb7 20. Nxb7
Rd2 21. b3 g5 22. Nc5 Rd6 23. Ra1 Ne4 24. Nxe4 Bxe4 25. f3 Bb7 26. Rc1 Kf8 27.
Rc7 Rb6 28. Rc5 h6 29. Nc2 Ke7 30. Ne3 Kd6 31. b4 Bd5 32. Kf2 Rb8 33. Nxd5 exd5
34. Ke3 Ke5 35. g3 Ra8 36. f4+ gxf4+ 37. gxf4+ Kd6 38. Kd4 Ra2 39. Rc6+ Kd7 40.
Rxh6 Rb2 41. Kc5 Kc7 42. b6+ Kb7 43. Rf6 Rxh2 44. Rxf7+ Kb8 45. f5 1-0

[Event "Chessable Masters Prelim"]
[Site "chess24.com INT"]
[Date "2021.08.01"]
[Round "7.8"]
[White "Tari, Aryan"]
[Black "Iturrizaga Bonelli, Eduardo"]
[Result "1/2-1/2"]
[WhiteTitle "GM"]
[BlackTitle "GM"]
[WhiteElo "2639"]
[BlackElo "2607"]
[WhiteFideId "1510045"]
[BlackFideId "3901211"]
[EventDate "2021.07.31"]

1. e4 c6 2. d4 d5 3. exd5 cxd5 4. Bd3 Nc6 5. c3 Qc7 6. h3 e6 7. Nf3 Bd6 8. O-O
Nge7 9. Re1 Ng6 10. b3 O-O 11. c4 Bb4 12. Bd2 Bxd2 13. Qxd2 dxc4 14. bxc4 Rd8
15. d5 exd5 16. cxd5 Nce7 17. Nc3 Bf5 18. Rac1 Qa5 19. Bc4 Nc8 20. Bb3 Nd6 21.
g4 Bd7 22. Ne4 Qa3 23. Nfg5 h6 24. Nxd6 Qxd6 25. Ne4 Qf4 26. Qxf4 Nxf4 27. Rc7
Nxh3+ 28. Kh2 Bxg4 29. d6 Rf8 30. Kg3 Bf5 31. f4 Rad8 32. Rxb7 g5 33. fxg5 Bxe4
34. Rxe4 Nxg5 35. Rd4 Rxd6 36. Rxd6 Ne4+ 37. Kf4 Nxd6 38. Rd7 Nc8 39. a4 a5 40.
Kf3 Kg7 41. Rd5 Ne7 42. Rxa5 Nc6 43. Rd5 Rb8 44. Bc4 Rb4 45. Bb5 Nd4+ 46. Ke3
Nxb5 47. axb5 Kg6 48. Kd3 h5 49. Kc3 Rb1 50. Kc2 Ra1 51. b6 Ra8 52. b7 Rb8 53.
Rb5 h4 54. Kd3 h3 55. Rb2 Kg5 56. Ke3 Kg4 57. Kf2 f5 58. Rb6 f4 59. Rg6+ Kf5 60.
Rb6 Ke4 61. Re6+ Kd5 62. Rb6 Ke4 63. Re6+ Kd5 64. Rb6 Ke4 1/2-1/2

[Event "Chessable Masters Prelim"]
[Site "chess24.com INT"]
[Date "2021.08.01"]
[Round "8.1"]
[White "Mishra, Abhimanyu"]
[Black "Iturrizaga Bonelli, Eduardo"]
[Result "0-1"]
[WhiteTitle "IM"]
[BlackTitle "GM"]
[WhiteElo "2504"]
[BlackElo "2607"]
[WhiteFideId "30920019"]
[BlackFideId "3901211"]
[EventDate "2021.07.31"]

1. d4 Nf6 2. c4 g6 3. Nc3 Bg7 4. e4 O-O 5. Nf3 d6 6. Be2 e5 7. Be3 exd4 8. Nxd4
Re8 9. f3 c6 10. Bf2 d5 11. exd5 cxd5 12. O-O Nc6 13. c5 Bf8 14. Kh1 Bd7 15. Qd2
Rc8 16. Nxc6 bxc6 17. a3 Rb8 18. Ba6 Rb3 19. Na4 Bc8 20. Bd3 Ne4 21. Qc2 Nxf2+
22. Rxf2 Rxd3 23. Qxd3 Qh4 24. Re2 Rxe2 25. Qxe2 Qxa4 26. b4 Be6 27. Qd1 Qxd1+
28. Rxd1 a6 29. a4 Kg7 30. Kg1 Kf6 31. Kf2 Ke5 32. Ke3 Bh6+ 33. Kd3 d4 34. g4
Bb3 35. Re1+ Be3 36. Ra1 Kd5 37. Ra3 Bc4+ 38. Kc2 Be2 39. b5 cxb5 40. axb5 Bxb5
41. h4 Kxc5 42. h5 gxh5 43. gxh5 Kb4 44. Rb3+ Kc4 45. Ra3 d3+ 46. Kd1 Kb4 47.
Ra2 Ba4+ 48. Ke1 Bc2 0-1

[Event "Chessable Masters Prelim"]
[Site "chess24.com INT"]
[Date "2021.08.01"]
[Round "8.2"]
[White "Ju, Wenjun"]
[Black "Tari, Aryan"]
[Result "1/2-1/2"]
[WhiteTitle "GM"]
[BlackTitle "GM"]
[WhiteElo "2560"]
[BlackElo "2639"]
[WhiteFideId "8603006"]
[BlackFideId "1510045"]
[EventDate "2021.07.31"]

1. d4 Nf6 2. c4 g6 3. Nc3 d5 4. cxd5 Nxd5 5. e4 Nxc3 6. bxc3 Bg7 7. Bc4 c5 8.
Ne2 O-O 9. O-O Nc6 10. Be3 Bg4 11. f3 Bd7 12. Rb1 Qc7 13. Qd2 Rad8 14. Rfd1 Na5
15. Bd3 Ba4 16. Rdc1 b6 17. h4 e5 18. d5 c4 19. Bc2 Bxc2 20. Rxc2 f5 21. exf5
gxf5 22. f4 e4 23. Rb5 Qd7 24. a4 Nb3 25. Qd1 Rf6 26. Ng3 Rd6 27. Qh5 Rf8 28.
Qe2 a6 29. Rxb6 Rxb6 30. Bxb6 Qxd5 31. Nh5 Qd3 32. Nxg7 Kxg7 33. Qf2 Rf6 34. a5
Rg6 35. Re2 Qxc3 36. Bc7 Kh6 37. h5 Rg4 38. Qb6+ Kxh5 39. Qe6 Qc1+ 40. Kf2 e3+
41. Rxe3 Qb2+ 42. Re2 Qd4+ 43. Re3 Qd2+ 44. Re2 Qd4+ 45. Re3 Qb2+ 46. Re2 Qd4+ 1/2-1/2

[Event "Chessable Masters Prelim"]
[Site "chess24.com INT"]
[Date "2021.08.01"]
[Round "8.3"]
[White "Artemiev, Vladislav"]
[Black "Aronian, Levon"]
[Result "1/2-1/2"]
[WhiteTitle "GM"]
[BlackTitle "GM"]
[WhiteElo "2704"]
[BlackElo "2782"]
[WhiteFideId "24101605"]
[BlackFideId "13300474"]
[EventDate "2021.07.31"]

1. Nf3 d5 2. g3 g6 3. Bg2 Bg7 4. O-O e5 5. d3 Ne7 6. e4 O-O 7. b4 dxe4 8. dxe4
Qxd1 9. Rxd1 f6 10. Be3 Be6 11. Nbd2 Rd8 12. Bf1 Kf7 13. Bc4 Bxc4 14. Nxc4 Rxd1+
15. Rxd1 Ke8 16. a4 Nbc6 17. c3 b6 18. Kf1 a5 19. b5 Nd8 20. Ke2 Nb7 21. g4 g5
22. h4 h6 23. h5 Bf8 24. Nfd2 Rd8 25. Rc1 Nc8 26. Nb3 Ncd6 27. Ncd2 Rc8 28. c4
c5 29. bxc6 Rxc6 30. c5 bxc5 31. Nxc5 Nxc5 32. Rxc5 Rxc5 33. Bxc5 Nb7 34. Be3
Bc5 35. Nb3 Bxe3 36. Kxe3 Kd7 37. Kd3 Kc6 38. Kc3 Kc7 39. f3 Kc6 40. Kc4 Nd6+
41. Kc3 Nb7 42. Kc4 Nd6+ 43. Kc3 Nb7 1/2-1/2

[Event "Chessable Masters Prelim"]
[Site "chess24.com INT"]
[Date "2021.08.01"]
[Round "8.4"]
[White "Harikrishna, Pentala"]
[Black "So, Wesley"]
[Result "1/2-1/2"]
[WhiteTitle "GM"]
[BlackTitle "GM"]
[WhiteElo "2730"]
[BlackElo "2772"]
[WhiteFideId "5007003"]
[BlackFideId "5202213"]
[EventDate "2021.07.31"]

1. e4 e5 2. Nf3 Nc6 3. Bb5 Nf6 4. O-O Nxe4 5. Re1 Nd6 6. Nxe5 Be7 7. Bf1 Nf5 8.
Nf3 d5 9. d4 O-O 10. Nc3 Nh4 11. Nxh4 Bxh4 12. Bf4 Bf5 13. Bd3 Nxd4 14. Bxf5
Nxf5 15. Qxd5 Qxd5 16. Nxd5 c6 17. Ne3 Nxe3 18. Bxe3 Bf6 19. Red1 Rfd8 20. c3 b6
21. a4 Rxd1+ 22. Rxd1 Rd8 23. Ra1 Rd7 24. Kf1 Bd8 25. c4 f5 26. Ke2 Bf6 27. Rb1
f4 28. Bxf4 Rd4 29. Bb8 Rxc4 30. Bxa7 Rxa4 31. Bxb6 Rb4 32. Be3 Rxb2+ 33. Rxb2
Bxb2 34. Kd3 Kf7 35. Kc4 Ke6 36. g4 g6 37. f4 h5 38. h3 hxg4 39. hxg4 Ba3 40.
Bd2 Bd6 41. Be3 Be7 42. Bc5 Bxc5 43. Kxc5 Kd7 44. f5 gxf5 45. gxf5 Ke7 46. Kxc6
Kf6 47. Kd5 Kxf5 1/2-1/2

[Event "Chessable Masters Prelim"]
[Site "chess24.com INT"]
[Date "2021.08.01"]
[Round "8.5"]
[White "Anton Guijarro, David"]
[Black "Firouzja, Alireza"]
[Result "0-1"]
[WhiteTitle "GM"]
[BlackTitle "GM"]
[WhiteElo "2673"]
[BlackElo "2759"]
[WhiteFideId "2285525"]
[BlackFideId "12573981"]
[EventDate "2021.07.31"]

1. d4 Nf6 2. c4 e6 3. Nf3 d5 4. Nc3 Nbd7 5. cxd5 exd5 6. Bg5 c6 7. Qc2 h6 8. Bh4
Be7 9. e3 O-O 10. Bd3 Re8 11. O-O Ne4 12. Bxe4 Bxh4 13. Bh7+ Kh8 14. Nxh4 Qxh4
15. Bd3 Nf6 16. Ne2 Ng4 17. h3 Nf6 18. Ng3 g6 19. b4 h5 20. Rfe1 Qg5 21. Kh1 Bd7
22. Rab1 Kg7 23. a4 Qh4 24. Kg1 Qg5 25. Kh1 Qh4 26. Kg1 Nh7 27. Ne2 Rac8 28. Nf4
Qg5 29. b5 cxb5 30. Qa2 bxa4 31. Rxb7 Nf6 32. Reb1 a5 33. Ra7 Ra8 34. Rxa8 Rxa8
35. Rb7 Kg8 36. Qa3 Rc8 37. Kh2 Qh4 38. Kg1 Be8 39. Rb1 Qg5 40. Qd6 h4 41. Qa3
Ne4 42. Bxe4 dxe4 43. d5 Qe5 44. Rd1 Qc3 45. Qe7 a3 46. d6 a2 47. Nd5 a1=Q 48.
Nxc3 Qxc3 49. d7 Bxd7 50. Rxd7 Qe1+ 51. Kh2 Qxf2 52. Rd8+ Rxd8 53. Qxd8+ Kh7 54.
Qxa5 0-1

[Event "Chessable Masters Prelim"]
[Site "chess24.com INT"]
[Date "2021.08.01"]
[Round "8.7"]
[White "Koneru, Humpy"]
[Black "Adhiban, Baskaran"]
[Result "1/2-1/2"]
[WhiteTitle "GM"]
[BlackTitle "GM"]
[WhiteElo "2586"]
[BlackElo "2660"]
[WhiteFideId "5008123"]
[BlackFideId "5018471"]
[EventDate "2021.07.31"]

1. d4 Nf6 2. c4 g6 3. g3 c5 4. Nf3 cxd4 5. Nxd4 h5 6. Nf3 Bg7 7. Bg2 O-O 8. O-O
Nc6 9. Nc3 d6 10. Bd2 a6 11. Rc1 Rb8 12. b3 Bd7 13. Nd5 Nxd5 14. cxd5 Ne5 15.
Nxe5 Bxe5 16. Bg5 Qa5 17. Qd2 Qxd2 18. Bxd2 Bb5 19. Bf3 Rfc8 20. Rxc8+ Rxc8 21.
Rc1 Rxc1+ 22. Bxc1 Bd4 23. Kf1 Kf8 24. Ke1 Ke8 25. h4 Kd8 26. e3 Bf6 27. Bd2 Bd3
28. Ba5+ Kc8 29. Kd2 Bb1 30. a4 Bf5 31. e4 Bd7 32. Ke3 Bb2 33. Be2 Bc1+ 34. Bd2
Ba3 35. Bc3 Kc7 36. Ba5+ Kc8 37. Bc3 Bc5+ 38. Bd4 Bb4 39. Bb6 e5 40. Bd3 Bg4 41.
f3 Bd7 42. Ke2 Bh3 43. Bc2 Kd7 44. Bd3 Ke7 45. Be3 Bd7 46. Bd2 Bc5 47. a5 f6 48.
b4 Bd4 49. Be3 Bc3 50. Bd2 Bd4 51. Be3 Bc3 52. Bd2 Bd4 1/2-1/2

[Event "Chessable Masters Prelim"]
[Site "chess24.com INT"]
[Date "2021.08.01"]
[Round "8.8"]
[White "Le, Quang Liem"]
[Black "Mamedyarov, Shakhriyar"]
[Result "1-0"]
[WhiteTitle "GM"]
[BlackTitle "GM"]
[WhiteElo "2709"]
[BlackElo "2782"]
[WhiteFideId "12401137"]
[BlackFideId "13401319"]
[EventDate "2021.07.31"]

1. d4 Nf6 2. Nf3 g6 3. Nc3 d5 4. Bf4 Bg7 5. Nb5 Na6 6. e3 Nh5 7. Bg5 h6 8. Bh4
c6 9. Nc3 Qb6 10. Rb1 Nc7 11. Be2 g5 12. Bg3 Nxg3 13. hxg3 Qb4 14. Ne5 Bxe5 15.
dxe5 Bf5 16. a3 Qc5 17. Bd3 Bxd3 18. Qxd3 e6 19. Qd4 Qe7 20. f4 c5 21. Qa4+ Kf8
22. Kf2 Kg7 23. Rh5 c4 24. Qb4 Qxb4 25. axb4 Na6 26. Na2 Nc7 27. Rbh1 gxf4 28.
gxf4 a5 29. g4 axb4 30. Nxb4 c3 31. b3 Na6 32. Nd3 Rag8 33. f5 Nc7 34. Kf3 d4
35. f6+ Kf8 36. Ra1 Ke8 37. Ra7 dxe3 38. Rxb7 Kd7 39. Nf4 Rg5 40. Rb4 Rhg8 41.
Rd4+ Kc8 42. Rxg5 Rxg5 43. Re4 Nd5 44. Nxd5 exd5 45. Rxe3 Kd7 46. Kf4 d4 47. Rd3
Ke6 48. Rxd4 Rxe5 49. Re4 Rxe4+ 50. Kxe4 Kxf6 51. b4 Ke6 52. b5 Kd6 53. Kd4 1-0

[Event "Chessable Masters Prelim"]
[Site "chess24.com INT"]
[Date "2021.08.01"]
[Round "9.1"]
[White "Mamedyarov, Shakhriyar"]
[Black "Mishra, Abhimanyu"]
[Result "1-0"]
[WhiteTitle "GM"]
[BlackTitle "IM"]
[WhiteElo "2782"]
[BlackElo "2504"]
[WhiteFideId "13401319"]
[BlackFideId "30920019"]
[EventDate "2021.07.31"]

1. e4 c5 2. c3 Nf6 3. e5 Nd5 4. Bc4 Nb6 5. Bb3 d6 6. exd6 Qxd6 7. Nf3 c4 8. Bc2
Qe6+ 9. Kf1 g6 10. b3 Bg7 11. Na3 cxb3 12. axb3 O-O 13. d4 Nc6 14. h4 h5 15. Bg5
Qd7 16. Qe1 e6 17. Rd1 Nd5 18. c4 Ndb4 19. Be4 a5 20. Nb5 b6 21. Ne5 Qb7 22. g4
hxg4 23. h5 f5 24. Bg2 Bxe5 25. dxe5 Qh7 26. Qd2 gxh5 27. Bh6 Rf7 28. Qd8+ Nxd8
29. Rxd8+ Rf8 30. Rxf8# 1-0

[Event "Chessable Masters Prelim"]
[Site "chess24.com INT"]
[Date "2021.08.01"]
[Round "9.2"]
[White "Adhiban, Baskaran"]
[Black "Le, Quang Liem"]
[Result "1/2-1/2"]
[WhiteTitle "GM"]
[BlackTitle "GM"]
[WhiteElo "2660"]
[BlackElo "2709"]
[WhiteFideId "5018471"]
[BlackFideId "12401137"]
[EventDate "2021.07.31"]

1. e4 e5 2. Nf3 Nc6 3. Bc4 Nf6 4. d3 h6 5. c3 d6 6. a4 g5 7. a5 Bg7 8. h3 O-O 9.
Nbd2 Ne7 10. Nf1 d5 11. exd5 Nfxd5 12. Ng3 Ng6 13. Nh5 Bh8 14. O-O Be6 15. Re1
c6 16. Qb3 b5 17. axb6 axb6 18. Rxa8 Qxa8 19. Qd1 Qd8 20. Bb3 c5 21. d4 exd4 22.
cxd4 Nc7 23. dxc5 Qxd1 24. Bxd1 bxc5 25. Be3 Bxb2 26. Bxc5 Rd8 27. Bc2 g4 28.
hxg4 Bxg4 29. Ng3 Ne6 30. Nh2 Nxc5 31. Nxg4 Bg7 32. Nh5 Kf8 33. g3 Rd5 34. Nhf6
Bxf6 35. Nxf6 Rd8 36. Kg2 Kg7 37. Nh5+ Kf8 38. Re2 Rd6 39. f4 Nd7 40. Kh3 Nf6
41. Nxf6 Rxf6 42. Kg4 Ne7 43. Rd2 Rc6 44. Bb1 Ng8 45. Rc2 Nf6+ 46. Kf3 Ra6 47.
Rc3 Kg7 48. g4 Ra4 49. Rd3 Nh7 50. Rb3 Nf6 51. Rd3 Ng8 52. Rb3 Ne7 53. Be4 Rc4
54. Ke3 Rc7 55. Rb7 Rxb7 56. Bxb7 f5 57. gxf5 Nxf5+ 58. Kf3 h5 59. Be4 Kf6 60.
Bxf5 Kxf5 61. Kg3 h4+ 62. Kxh4 Kxf4 1/2-1/2

[Event "Chessable Masters Prelim"]
[Site "chess24.com INT"]
[Date "2021.08.01"]
[Round "9.3"]
[White "Van Foreest, Jorden"]
[Black "Koneru, Humpy"]
[Result "1/2-1/2"]
[WhiteTitle "GM"]
[BlackTitle "GM"]
[WhiteElo "2688"]
[BlackElo "2586"]
[WhiteFideId "1039784"]
[BlackFideId "5008123"]
[EventDate "2021.07.31"]

1. e4 e5 2. Nf3 Nf6 3. Nxe5 d6 4. Nf3 Nxe4 5. d4 d5 6. Bd3 Be7 7. O-O Bf5 8. Re1
O-O 9. Nbd2 Nd6 10. Nf1 c6 11. Bf4 Bxd3 12. Qxd3 Na6 13. h4 Nc7 14. Ng5 Bxg5 15.
Bxg5 f6 16. Bf4 Qd7 17. Ne3 Rfe8 18. Bxd6 Qxd6 19. Nf5 Qd7 20. Qh3 Kf8 21. Qa3+
Kg8 22. Rxe8+ Rxe8 23. Nd6 Re7 24. c4 dxc4 25. Nf5 Re8 26. Qh3 Qe6 27. h5 g6 28.
hxg6 hxg6 29. Qg3 Qxf5 30. Qxc7 Qc8 31. Qd6 Qe6 32. Qb4 b6 33. Rc1 b5 34. b3
cxb3 35. axb3 Qd5 36. Qc3 Re6 37. Ra1 Re7 38. Ra6 Rd7 39. Rxc6 Kg7 40. Rc7 a6
41. Qc5 Qf7 42. Rxd7 Qxd7 43. d5 Kf7 44. b4 f5 45. Kf1 Kf6 46. f4 Kf7 47. Kf2
Qd8 48. Ke3 Qe8+ 49. Kf2 Qe4 50. Kg3 Qe1+ 51. Qf2 Qc3+ 52. Kh2 Qxb4 53. Qa7+ Qe7
54. Qxa6 Qh4+ 55. Kg1 Qe1+ 56. Kh2 Qh4+ 57. Kg1 Qe1+ 58. Kh2 Qh4+ 1/2-1/2

[Event "Chessable Masters Prelim"]
[Site "chess24.com INT"]
[Date "2021.08.01"]
[Round "9.5"]
[White "So, Wesley"]
[Black "Anton Guijarro, David"]
[Result "1-0"]
[WhiteTitle "GM"]
[BlackTitle "GM"]
[WhiteElo "2772"]
[BlackElo "2673"]
[WhiteFideId "5202213"]
[BlackFideId "2285525"]
[EventDate "2021.07.31"]

1. e4 c6 2. d4 d5 3. Nc3 dxe4 4. Nxe4 Nf6 5. Nxf6+ exf6 6. Be3 Bd6 7. Bd3 O-O 8.
Ne2 Re8 9. O-O Nd7 10. c4 Nf8 11. Ng3 g6 12. Qd2 Ne6 13. Ne2 Bd7 14. Rad1 Qb8
15. h3 a5 16. c5 Bh2+ 17. Kh1 Bc7 18. Bc4 Qc8 19. d5 cxd5 20. Bxd5 Nf8 21. Kg1
a4 22. Bd4 Be5 23. Nc3 Bc6 24. Rfe1 Kg7 25. Bxe5 fxe5 26. Ne4 Bxd5 27. Nd6 Qxc5
28. Qxd5 Qxd5 29. Nxe8+ Rxe8 30. Rxd5 f6 31. f4 e4 32. f5 gxf5 33. Rxf5 Ng6 34.
Kf2 Re7 35. Re3 h6 36. g4 Ne5 37. Rxe4 b5 38. Kg3 Rd7 39. Rf2 Rd3+ 40. Kg2 Kg6
41. Ref4 Rd6 42. Re2 Rd3 43. Rff2 Rd6 44. Rd2 Rc6 45. Rc2 Nc4 46. Kg3 Rd6 47. b3
axb3 48. axb3 Ne5 49. Rfd2 Ra6 50. Rd5 b4 51. Rd4 Rb6 52. Rcd2 Rc6 53. Rxb4 Rc3+
54. Kg2 Nf3 55. Re2 Nh4+ 56. Kh2 Nf3+ 57. Kg2 Nh4+ 58. Kf2 Rf3+ 59. Ke1 Rxh3 60.
Kd2 Nf3+ 61. Kc2 Ne5 62. Rd4 h5 63. gxh5+ Rxh5 64. b4 Rh8 65. Kb3 Rb8 66. Rd6
Kg5 67. Rg2+ Kf5 68. Rf2+ 1-0

[Event "Chessable Masters Prelim"]
[Site "chess24.com INT"]
[Date "2021.08.01"]
[Round "9.6"]
[White "Aronian, Levon"]
[Black "Harikrishna, Pentala"]
[Result "1-0"]
[WhiteTitle "GM"]
[BlackTitle "GM"]
[WhiteElo "2782"]
[BlackElo "2730"]
[WhiteFideId "13300474"]
[BlackFideId "5007003"]
[EventDate "2021.07.31"]

1. d4 d5 2. c4 dxc4 3. e3 Nf6 4. Bxc4 e6 5. Nf3 a6 6. O-O c5 7. Nc3 b5 8. Be2
Bb7 9. dxc5 Bxc5 10. Qxd8+ Kxd8 11. Nd2 Ke7 12. Nb3 Bd6 13. Bd2 Nc6 14. Rfc1
Rhc8 15. f3 Rab8 16. e4 Bc7 17. a4 Bb6+ 18. Kf1 b4 19. Nd1 a5 20. Be3 Nd7 21.
Bxb6 Nxb6 22. Ne3 Ra8 23. Rc5 Nd7 24. Rc2 Nce5 25. Rxc8 Bxc8 26. Rc1 Ba6 27.
Bxa6 Rxa6 28. Ke2 g5 29. g3 h5 30. f4 gxf4 31. gxf4 Ng6 32. Kf3 Nh4+ 33. Kg3 Ng6
34. Rc7 Rd6 35. Nc5 Nf8 36. Nc4 Rd1 37. Nxd7 Rxd7 38. Rxd7+ Nxd7 39. Nxa5 Nc5
40. Nc6+ Kd6 41. Nxb4 Nxe4+ 42. Kh4 Kc5 43. a5 Nf6 44. a6 Kb6 45. Kg5 Ng4 46. h4
e5 47. Kxh5 f5 48. Kg5 exf4 49. Kxf4 1-0